| Tag |
First Indicator |
Second Indicator |
Subfields |
| LEADER |
00000cam a2200000Ia 4500 |
| 001 |
in00002780196 |
| 005 |
20150922103509.0 |
| 008 |
120409s2012 nyua 000 1 eng d |
| 019 |
|
|
|a 760977854
|
| 020 |
|
|
|a 9780062067753 (trade)
|
| 020 |
|
|
|a 0062067753 (trade)
|
| 035 |
|
|
|a (OCoLC)ocn785019206
|
| 035 |
|
|
|a (OCoLC)785019206
|z (OCoLC)760977854
|
| 040 |
|
|
|a UPZ
|c UPZ
|d BTCTA
|d BDX
|d WIM
|d AZZPT
|d YDXCP
|d BKX
|d JO6
|d ZS3
|d WIQ
|d UtOrBLW
|
| 049 |
|
|
|a TXAM
|
| 050 |
|
4 |
|a PR6066.R34
|b L66 2012
|
| 082 |
0 |
4 |
|a 823/.914
|2 23
|
| 100 |
1 |
|
|a Pratchett, Terry.
|
| 245 |
1 |
4 |
|a The long Earth /
|c Terry Pratchett, Stephen Baxter.
|
| 250 |
|
|
|a 1st U.S. ed.
|
| 264 |
|
1 |
|a New York :
|b HarperCollins,
|c [2012]
|
| 264 |
|
4 |
|c ©2012
|
| 300 |
|
|
|a 336 pages :
|b illustrations ;
|c 24 cm.
|
| 336 |
|
|
|a text
|b txt
|2 rdacontent
|
| 337 |
|
|
|a unmediated
|b n
|2 rdamedia
|
| 338 |
|
|
|a volume
|b nc
|2 rdacarrier
|
| 520 |
|
|
|a 1916: The Western Front. Private Percy Blakeney wakes up. He is lying on fresh spring grass. He can hear birdsong and the wind in the leaves. Where have the mud, blood, and blasted landscape of no-man's-land gone? For that matter, where has Percy gone? 2015: Madison, Wisconsin. Police officer Monica Jansson is exploring the burned-out home of a reclusive--some say mad, others allege dangerous--scientist who seems to have vanished. Sifting through the wreckage, Jansson find a curious gadget: a box containing some rudimentary wiring, a three-way switch, and a potato. It is the prototype of an invention that will change the way humankind views the world forever. The "stepper" enables a person using it to step sideways into another America, another wherever that person happened to be, another Earth. And if the person using it keeps on stepping, they keep on entering even more Earths. This is the Long Earth. And the further away a stepper travels, the stranger -- and sometimes more dangerous -- the Earths become.
|
| 650 |
|
0 |
|a Recluses
|v Fiction.
|
| 650 |
|
0 |
|a Space and time
|v Fiction.
|
| 651 |
|
0 |
|a Madison (Wis.)
|v Fiction.
|
| 655 |
|
7 |
|a Science fiction.
|2 gsafd
|
| 700 |
1 |
|
|a Baxter, Stephen.
|
| 948 |
|
|
|a cataloged
|b h
|c 2012/7/9
|d c
|e ceaton
|f 9:36:18 am
|
| 994 |
|
|
|a C0
|b TXA
|
| 999 |
|
|
|a MARS
|
| 999 |
f |
f |
|s 36e998ce-1b27-309c-b180-9de995d87d8a
|i 22828432-3cff-352a-9eac-ab76c41d3b79
|t 0
|
| 952 |
f |
f |
|p normal
|a Texas A&M University
|b College Station
|c Sterling C. Evans Library
|d Evans: Library Stacks
|t 0
|e PR6066.R34 L66 2012
|h Library of Congress classification
|i unmediated -- volume
|m A14841431657
|
| 998 |
f |
f |
|a PR6066.R34 L66 2012
|t 0
|l Evans: Library Stacks
|